Normal view
MARC view
- Beams, fioyd A /م.مشارك Joseph H. Anthony/م.مشارك Brucr Bettinghaus/م.مشارك Kenneth A. Smith
Entry Personal Name
001 - CONTROL NUMBER
- control field: 5933
003 - CONTROL NUMBER IDENTIFIER
- control field: JO-AjAnu
005 - DATE AND TIME OF LATEST TRANSACTION
- control field: 20230606071250.0
008 - FIXED-LENGTH DATA ELEMENTS
- fixed length control field: 230606|| aca||aabn | a|a d
040 ## - CATALOGING SOURCE
- Original cataloging agency: JO-AjAnu
- Transcribing agency: JO-AjAnu
100 ## - HEADING--PERSONAL NAME
- Personal name: Beams, fioyd A /م.مشارك Joseph H. Anthony/م.مشارك Brucr Bettinghaus/م.مشارك Kenneth A. Smith
670 ## - SOURCE DATA FOUND
- Source citation: Work cat.: (JO-AjAnu)3075: Beams, fioyd A /م.مشارك Joseph H. Anthony/م.مشارك Brucr Bettinghaus/م.مشارك Kenneth A. Smith, author, Advanced Accounting